| 000 | 00923nam a22002297a 4500 | ||
|---|---|---|---|
| 999 |
_c13817 _d13817 |
||
| 003 | AR-CdUCM | ||
| 008 | 190416b ||||| |||| 00| 0 spa d | ||
| 020 | _a9972-847-69-1 | ||
| 040 |
_aMUNICIPALIDAD PROVINCIAL DEL CUSCO _cBIBLIOTECA MUNICIPAL DEL CUSCO |
||
| 082 |
_aEP / 803 / _bC75 |
||
| 100 |
_aColchado Lucio, Óscar _913556 |
||
| 245 |
_aCholito : _bTras las huellas de Lucero / |
||
| 260 |
_aLima : _bGrupo Santillana, _c2005. |
||
| 300 |
_a87 paginas ; _c22 cm. |
||
| 440 |
_aCuenta cosas Alfaguara. _932361 |
||
| 500 | _aDe ayer y de siempre. | ||
| 505 | _aContenido :Me dijeron que en este pueblo de cólcap -- Todítos se fueron a buscarlo, hijo -- Todo roncoso amaneció Emílio esa mañana -- La semana pasada ya estaba decidida a ir a buscarte, hijo -- Y ya cuando ya nos alejábamos ... | ||
| 650 |
_aCuentos _9217 |
||
| 650 |
_aHistorietas _910786 |
||
| 942 |
_2ddc _cLIBROS |
||
| 945 |
_arum _d2019-04-16 |
||